header

Varia folklorica (Record no. 103694)

MARC details
000 -LEADER
fixed length control field 01404nam a2200337 a 4500
245 00 - TITLE STATEMENT
Title Varia folklorica
260 ## - PUBLICATION, DISTRIBUTION, ETC. (IMPRINT)
Place of publication The Hague :
Name of publisher Mouton Publishers,
Year of publication c1978.
300 ## - PHYSICAL DESCRIPTION
Number of Pages xii, 277 p. :
Other physical details with ill.
500 ## - GENERAL NOTE
General note Papers prepared for the 9th International Congress of Anthropological and Ethnological Sciences, Chicago, 1973.
650 #0 - SUBJECT ADDED ENTRY--TOPICAL TERM
Topical Term Folklore
700 1# - ADDED ENTRY--PERSONAL NAME
Personal name Dundes, Alan.
856 40 - ELECTRONIC LOCATION AND ACCESS
Uniform Resource Identifier http://site.ebrary.com/lib/rucke/Doc?id=10588188

No items available.

© 2026 Rongo University
Contact us: librarian | system librarian | Rongo university